000
00211 a2200097 4500
001
10644
100
_a
Lynd, H M
245
_a
Field workd in college education.
260
_a
_b
Columbia
_c
090
_c
8245
_d
8245
942
_a
NUST-CAE
_c
M
_c
34984
999
_c
245717
_d
245717